000 00777nam a2200181Ia 4500
005 20250807104732.0
008 250807s9999 xx 000 0 und d
020 _a9781845112936
082 _a958.6086
_bJON
100 _aJonson, Lena
245 0 _aTajikistan in the New Central Asia
245 0 _cJonson, Lena
260 _bI.B. Tauris
_c2006
300 _a282 pages
520 _aEmbedded in the oil-rich Central Asian region, and bordering Afghanistan, Tajikisitan occupies a geo-strategically pivotal position. This book examines Tajkistan's search for a foreign policy in the post 9/11 environment. It shows the internal contradictions of a country at the crossroads, reconciling its bloody past with an uncertain future.
650 _aHistory
942 _cENGLISH
999 _c579052
_d579052